[Event "Sparkassen-Open B"]
[Site "Heusenstamm, Martinsee"]
[Date "2016.11.27"]
[Round "3.32"]
[White "Pomrehn, Ole Magnus"]
[Black "Thede, Stefan"]
[Result "1/2-1/2"]
[WhiteElo "1137"]
[BlackElo "1646"]
[PlyCount "109"]
[EventDate "2016.??.??"]
[WhiteTeam "SF Schöneck"]
[BlackTeam "SV Frankfurt Nord"]

1. d4 Nf6 2. Nf3 g6 3. c3 Bg7 4. Nbd2 d6 5. e4 O-O 6. Bd3 c5 7. O-O a6 8. Re1
Nbd7 9. Nf1 b5 10. Ng3 Bb7 11. Bd2 Qc7 12. Rc1 Rad8 13. Qe2 c4 14. Bc2 e5 15.
d5 a5 16. a3 Ba6 17. h3 Nc5 18. Qd1 a4 19. Be3 Bc8 20. Bd2 Nfd7 21. Re2 Nd3 22.
Rb1 N7c5 23. Ne1 f5 24. f3 Qa7 25. Kh2 f4 26. Nf1 Qe7 27. Bxd3 cxd3 28. Rf2 Bf6
29. Bc1 Bh4 30. Rd2 Qg5 31. Kh1 Qh5 32. Nxd3 Nxd3 33. Rxd3 Bf2 34. Nh2 Qh4 35.
Qf1 b4 36. Rd1 b3 37. Bd2 Bc5 38. Be1 Qe7 39. Bf2 Qa7 40. Bxc5 Qxc5 41. Qg1
Qxg1+ 42. Kxg1 h5 43. h4 Ba6 44. Rd2 Kf7 45. Kf2 Rg8 46. Rh1 Kf6 47. Nf1 g5 48.
hxg5+ Rxg5 49. Rd1 Rdg8 50. Rh2 h4 51. Rd2 Rh8 52. Ke1 Bc8 53. Rf2 Rgh5 54. Kd2
Ba6 55. Ke1 1/2-1/2

[Event "Sparkassen-Open B"]
[Site "Heusenstamm, Martinsee"]
[Date "2016.11.27"]
[Round "3.33"]
[White "Haack, Kevin"]
[Black "Ebeling, Gereon"]
[Result "1-0"]
[WhiteElo "1644"]
[BlackElo "1356"]
[PlyCount "63"]
[EventDate "2016.??.??"]
[WhiteTeam "SC Sulzbach"]
[BlackTeam "SK Mainaschaff"]

1. e4 e5 2. Bc4 Nf6 3. d4 Nc6 4. d5 Ne7 5. Nf3 d6 6. Nc3 g6 7. Bg5 Bg7 8. O-O
b6 9. Re1 O-O 10. Nd2 Bg4 11. f3 Bc8 12. b4 Bb7 13. b5 a6 14. a4 axb5 15. axb5
Qd7 16. Na2 Ra7 17. Nb4 Rfa8 18. Rxa7 Rxa7 19. Nc6 Ra8 20. Qe2 Bxc6 21. bxc6
Qc8 22. Nb3 Ra7 23. Ra1 Qa8 24. Rxa7 Qxa7 25. Ba6 b5+ 26. Qf2 Qxa6 27. Qh4
Nexd5 28. exd5 Nxd5 29. Bd2 Qxc6 30. Qd8+ Bf8 31. Bh6 Qb6+ 32. Kh1 1-0

[Event "Sparkassen-Open B"]
[Site "Heusenstamm, Martinsee"]
[Date "2016.11.27"]
[Round "3.34"]
[White "Lehmann, Nils"]
[Black "Solovej, Philip"]
[Result "1-0"]
[WhiteElo "1505"]
[BlackElo "1132"]
[PlyCount "59"]
[EventDate "2016.??.??"]
[WhiteTeam "SV Lahn Limburg"]
[BlackTeam "SK Gründau"]

1. e4 e5 2. Nf3 Nc6 3. Bc4 Bc5 4. O-O Nf6 5. d3 h6 6. c3 O-O 7. Nbd2 d6 8. h3
Be6 9. Bb5 a6 10. Ba4 b5 11. Bc2 d5 12. Re1 Qd6 13. Nf1 Ne7 14. Ng3 Ng6 15. Nf5
Bxf5 16. exf5 Ne7 17. Rxe5 Nc6 18. Re1 Rae8 19. Rxe8 Rxe8 20. d4 Bb6 21. Be3
Ne4 22. Bxe4 dxe4 23. Nd2 Qf6 24. Qg4 Qe7 25. Bxh6 Qf6 26. Bg5 Qd6 27. Nxe4 Qd5
28. Nf6+ gxf6 29. Bh6+ Kh7 30. Qg7# 1-0

[Event "Sparkassen-Open B"]
[Site "Heusenstamm, Martinsee"]
[Date "2016.11.27"]
[Round "3.35"]
[White "Häfner, Günther"]
[Black "Mayer, Rolf"]
[Result "0-1"]
[WhiteElo "892"]
[BlackElo "1504"]
[PlyCount "102"]
[EventDate "2016.??.??"]
[WhiteTeam "FV Berkersheim"]
[BlackTeam "SC Flörsheim"]

1. d4 Nf6 2. e3 d5 3. c4 c6 4. b3 g6 5. Nf3 Bg7 6. Nc3 Nbd7 7. Bd3 Qc7 8. O-O
O-O 9. Re1 e5 10. dxe5 Nxe5 11. Be2 Ne4 12. Nxe4 Nxf3+ 13. Bxf3 dxe4 14. Rb1
exf3 15. Qxf3 Bf5 16. e4 Rfe8 17. Bf4 Qa5 18. Kf1 Be6 19. a4 Rad8 20. Qg3 Qh5
21. Qe3 Bd4 22. Qg3 Qg4 23. f3 Qxg3 24. Bxg3 Bc8 25. Bf2 Bxf2 26. Kxf2 Rd2+ 27.
Kg3 Red8 28. h3 Be6 29. Rf1 R2d3 30. Rf2 f5 31. Re2 fxe4 32. Rxe4 Bf5 33. Ree1
Rd2 34. Ra1 Kf7 35. Rf1 R8d4 36. Rf2 R2d3 37. Re2 Rxb3 38. c5 Rbb4 39. Kf2 Rxa4
40. Rxa4 Rxa4 41. g4 Be6 42. Rb2 Bc8 43. Re2 Rc4 44. Re5 a5 45. Ke3 Be6 46. Kd3
Ra4 47. Re4 Rxe4 48. fxe4 a4 49. Kc2 a3 50. Kb1 a2+ 51. Ka1 Kf6 0-1

[Event "Sparkassen-Open B"]
[Site "Heusenstamm, Martinsee"]
[Date "2016.11.27"]
[Round "3.36"]
[White "Jung, Kenny"]
[Black "Gräf, Jakob"]
[Result "1/2-1/2"]
[WhiteElo "1501"]
[BlackElo "1108"]
[PlyCount "120"]
[EventDate "2016.??.??"]
[WhiteTeam "SF Schöneck"]
[BlackTeam "SV Frankfurt Nord"]

1. e4 c6 2. d4 d5 3. exd5 cxd5 4. Nf3 Bg4 5. h3 Bh5 6. g4 Bg6 7. Ne5 Be4 8. f3
Bg6 9. Nxg6 hxg6 10. Nc3 e6 11. Be3 Nf6 12. a3 Bd6 13. Qd2 Bg3+ 14. Bf2 Bxf2+
15. Qxf2 Nc6 16. O-O-O Qd6 17. Nb5 Qf4+ 18. Kb1 O-O 19. Nc3 Ne4 20. Nxe4 dxe4
21. Be2 e3 22. Qh2 g5 23. h4 Qxh2 24. Rxh2 gxh4 25. Rxh4 Rad8 26. Rdh1 g6 27.
c3 Rfe8 28. Bb5 e5 29. Rh8+ Kg7 30. Rxe8 Rxe8 31. d5 a6 32. Bxc6 bxc6 33. dxc6
Rc8 34. Re1 Rxc6 35. Rxe3 Kf6 36. Kc2 Re6 37. b4 Kg5 38. Kd3 f5 39. gxf5 gxf5
40. c4 Kf4 41. c5 e4+ 42. fxe4 fxe4+ 43. Kd4 Re8 44. Re1 e3 45. c6 e2 46. c7
Kf3 47. Kd3 Rc8 48. Rxe2 Rxc7 49. Re6 Ra7 50. Kc4 a5 51. b5 Kf4 52. Kb3 Kf5 53.
Rc6 Ke5 54. Ka4 Kd5 55. Ra6 Rxa6 56. bxa6 Kc6 57. Kxa5 Kc7 58. Kb5 Kb8 59. a4
Ka8 60. a5 Kb8 1/2-1/2

[Event "Sparkassen-Open B"]
[Site "Heusenstamm, Martinsee"]
[Date "2016.11.27"]
[Round "3.38"]
[White "Werner, Tom"]
[Black "Grudniewski, Andreas"]
[Result "1-0"]
[WhiteElo "1667"]
[BlackElo "1210"]
[PlyCount "147"]
[EventDate "2016.??.??"]
[WhiteTeam "VSG Offenbach"]
[BlackTeam "SC Somborn"]

1. e4 c5 2. Nf3 d6 3. Nc3 Nf6 4. d4 cxd4 5. Nxd4 g6 6. Bc4 Bg7 7. O-O O-O 8.
Nf3 Nc6 9. Be3 Bg4 10. h3 Bxf3 11. Qxf3 Ne5 12. Qe2 Nxc4 13. Qxc4 Rc8 14. Qb3
b6 15. f3 Nd7 16. Nd5 e6 17. Nf4 Nc5 18. Bxc5 bxc5 19. c3 Qb6 20. Qxb6 axb6 21.
Rfd1 Rfd8 22. Rd3 c4 23. Rdd1 b5 24. Ne2 b4 25. cxb4 Bxb2 26. Rab1 c3 27. Rf1
Ra8 28. Nc1 Ra4 29. Rf2 d5 30. b5 d4 31. Nd3 Rxa2 32. Nxb2 Rxb2 33. Rbxb2 cxb2
34. Rxb2 Rb8 35. Kf2 Kf8 36. g3 e5 37. f4 f6 38. b6 Ke7 39. Rb5 Kd6 40. fxe5+
fxe5 41. Ke2 Rb7 42. Kd3 Rb8 43. b7 Kc6 44. Kc4 d3 45. Rc5+ Kd6 46. Rd5+ Kc6
47. Rxe5 Rxb7 48. Rc5+ Kd6 49. Rd5+ Ke6 50. Rxd3 Ra7 51. Kd4 Ra4+ 52. Ke3 Ke5
53. Rd5+ Ke6 54. Kf4 h6 55. h4 Ra3 56. Rb5 Ra6 57. Rb8 Ra5 58. Rb6+ Kf7 59. g4
g5+ 60. hxg5 hxg5+ 61. Ke3 Ra1 62. Rb2 Rg1 63. Kf3 Rf1+ 64. Rf2 Re1 65. Re2
Rxe2 66. Kxe2 Ke6 67. Kf3 Ke5 68. Ke3 Ke6 69. Kd4 Kf6 70. e5+ Ke6 71. Ke4 Ke7
72. Kf5 Kf7 73. Kxg5 Ke6 74. Kf4 1-0

[Event "Sparkassen-Open B"]
[Site "Heusenstamm, Martinsee"]
[Date "2016.11.27"]
[Round "3.39"]
[White "Laznik, Zeljko"]
[Black "Friedel, Thomas"]
[Result "0-1"]
[WhiteElo "1198"]
[BlackElo "1578"]
[PlyCount "110"]
[EventDate "2016.??.??"]
[WhiteTeam "BSG Deutsche Bank Ffm"]
[BlackTeam "SV Groß-Gerau"]

1. e4 e5 2. Nf3 Nc6 3. Nc3 Nf6 4. Bc4 Bc5 5. h3 O-O 6. d3 d6 7. Bg5 Be6 8. Bxe6
fxe6 9. Na4 Bb4+ 10. c3 Ba5 11. b4 Bb6 12. Nxb6 axb6 13. a3 b5 14. O-O Ne7 15.
Nh2 Qd7 16. Ng4 Nxg4 17. Qxg4 Ng6 18. g3 Qf7 19. Ra2 Ne7 20. Kg2 Nc6 21. f4
exf4 22. Rxf4 Qg6 23. d4 Rxf4 24. Qxf4 h6 25. Bh4 Rf8 26. Qe3 e5 27. d5 Nb8 28.
a4 bxa4 29. Rxa4 Na6 30. g4 Rf4 31. Bg3 Qxe4+ 32. Qxe4 Rxe4 33. Kf2 Rc4 34. Ra3
c6 35. dxc6 bxc6 36. Rxa6 Rxc3 37. Kg2 Rc2+ 38. Bf2 d5 39. Ra7 e4 40. Kg3 Rc3+
41. Kf4 Rf3+ 42. Ke5 Rxf2 43. Ra3 Rf3 44. Ra6 Rf6 45. h4 e3 46. Ra1 e2 47. Re1
Kf7 48. g5 hxg5 49. hxg5 Re6+ 50. Kd4 Kg6 51. Kd3 Kxg5 52. Rxe2 Rxe2 53. Kxe2
Kf4 54. Kd3 Ke5 55. Ke3 g5 0-1

[Event "Sparkassen-Open B"]
[Site "Heusenstamm, Martinsee"]
[Date "2016.11.27"]
[Round "3.40"]
[White "Lambrecht, Harald"]
[Black "Mainka, Susanne"]
[Result "1-0"]
[WhiteElo "1427"]
[BlackElo "1147"]
[PlyCount "91"]
[EventDate "2016.??.??"]
[WhiteTeam "SK Celle-Westercelle"]
[BlackTeam "SG Wächtersbach"]

1. d4 d5 2. Nf3 Nf6 3. c4 e6 4. Nc3 dxc4 5. e3 c6 6. Bxc4 b5 7. Bd3 Be7 8. O-O
O-O 9. Qc2 h6 10. e4 Ba6 11. Ne2 Qc7 12. Bf4 Qb6 13. a3 Nbd7 14. b4 Rac8 15.
Ne5 Nxe5 16. Bxe5 Ng4 17. Bg3 e5 18. h3 Nf6 19. Bxe5 Nd7 20. Bg3 c5 21. dxc5
Nxc5 22. bxc5 Rxc5 23. Qb3 Bf6 24. Rac1 Bg5 25. Rxc5 Qxc5 26. Kh1 Kh8 27. f4
Bd8 28. Bf2 Qh5 29. Qb4 Re8 30. Ng3 Qh4 31. Ne2 Qh5 32. Bc5 Bb6 33. Bxb6 axb6
34. Nc3 Rd8 35. Be2 Qh4 36. Nd5 Bc8 37. Kh2 f5 38. Ne7 Kh7 39. exf5 Re8 40.
Nxc8 Rxc8 41. Qe4 Qf6 42. Bh5 Kh8 43. Qb7 Qxf5 44. Bg4 Qd3 45. Qxc8+ Kh7 46.
Bf5+ 1-0

[Event "Sparkassen-Open B"]
[Site "Heusenstamm, Martinsee"]
[Date "2016.11.27"]
[Round "3.41"]
[White "Werner, Rosalie"]
[Black "Pessotschinski, Eduard"]
[Result "1-0"]
[WhiteElo "1380"]
[BlackElo "1139"]
[PlyCount "78"]
[EventDate "2016.??.??"]
[WhiteTeam "VSG Offenbach"]
[BlackTeam "TuS Makkabi"]

1. e4 e5 2. Nf3 Nc6 3. Bc4 Nd4 4. Nxd4 exd4 5. c3 Bc5 6. O-O Nf6 7. d3 d5 8.
exd5 Nxd5 9. Re1+ Be6 10. Qf3 O-O 11. Re5 c6 12. Re1 Qf6 13. Qxf6 gxf6 14. Bd2
Kh8 15. cxd4 Bxd4 16. Nc3 Nc7 17. Bf4 Bxc4 18. dxc4 Ne6 19. Bd2 Nc5 20. Be3
Rad8 21. Bxd4 Rxd4 22. b3 Rfd8 23. h3 Kg7 24. Rad1 Rxd1 25. Rxd1 Rxd1+ 26. Nxd1
Nd3 27. Nc3 Nc1 28. Kf1 Kg6 29. Ke1 Nd3+ 30. Ke2 Ne5 31. f4 Nd7 32. Kf3 Kf5 33.
g4+ Kg6 34. b4 h5 35. Ne4 hxg4+ 36. hxg4 b6 37. f5+ Kg7 38. Kf4 Ne5 39. Nf2
Nxc4 1-0

[Event "Sparkassen-Open B"]
[Site "Heusenstamm, Martinsee"]
[Date "2016.11.27"]
[Round "3.42"]
[White "Hänselmann, Hendrik"]
[Black "Eckhoff, Mathias"]
[Result "1-0"]
[WhiteElo "1337"]
[BlackElo "968"]
[PlyCount "55"]
[EventDate "2016.??.??"]
[WhiteTeam "Karlsruher SF"]
[BlackTeam "SK Hungen"]

1. e4 e6 2. d4 d5 3. exd5 exd5 4. Nf3 Bf5 5. Bd3 Bxd3 6. Qxd3 Bd6 7. O-O Nf6 8.
Re1+ Be7 9. Bg5 Nbd7 10. Qe2 Kf8 11. Nc3 c6 12. Nh4 g6 13. Bh6+ Ke8 14. Rad1
Ne4 15. Nxe4 dxe4 16. Qxe4 Nf6 17. Qe2 Qc7 18. Bg7 Ng4 19. Qxg4 Rg8 20. Bf6 Kf8
21. Bxe7+ Kg7 22. Nf5+ Kh8 23. Nh6 Kg7 24. Nxg8 Kxg8 25. Qg5 Re8 26. Bf6 Re6
27. Qh6 Rxf6 28. Re8# 1-0

[Event "Sparkassen-Open B"]
[Site "Heusenstamm, Martinsee"]
[Date "2016.11.27"]
[Round "4.1"]
[White "Pogosian, Norair"]
[Black "Mainka, Walter"]
[Result "1-0"]
[WhiteElo "1697"]
[BlackElo "1601"]
[PlyCount "101"]
[EventDate "2016.??.??"]
[WhiteTeam "SK Ötigheim"]
[BlackTeam "SG Wächtersbach"]

1. e4 c5 2. Nf3 Nc6 3. d4 cxd4 4. Nxd4 e6 5. Nc3 a6 6. Be3 Bb4 7. g3 Qa5 8. Qd2
Bxc3 9. bxc3 Ne5 10. f4 Ng4 11. Nb3 Qc7 12. Bc5 b6 13. Bd6 Qc6 14. Bg2 Bb7 15.
O-O Qc4 16. h3 N4f6 17. e5 Bxg2 18. exf6 Nxf6 19. Qxg2 Nd5 20. Rfe1 Rc8 21. Be5
O-O 22. Nd2 Qa4 23. Qe4 Qc6 24. c4 Nb4 25. Qxc6 Rxc6 26. Rec1 a5 27. a3 Na6 28.
Bd4 d6 29. Rab1 Rb8 30. c3 f6 31. Rc2 e5 32. fxe5 fxe5 33. Be3 Kf7 34. Rcb2 Nc5
35. Bxc5 dxc5 36. a4 Rd8 37. Kf2 h6 38. Ke3 Rcd6 39. Ne4 Rd3+ 40. Ke2 Ke6 41.
Rd2 Rxd2+ 42. Nxd2 Rd6 43. Ne4 Rc6 44. Rd1 Ke7 45. Ke3 Rg6 46. Rd5 Re6 47. g4
g5 48. Ng3 Kf7 49. Ke4 Rf6 50. Nf5 Kg6 51. Kxe5 1-0

[Event "Sparkassen-Open B"]
[Site "Heusenstamm, Martinsee"]
[Date "2016.11.27"]
[Round "4.2"]
[White "Mehl, Ulrich"]
[Black "Krychevskiy, Dmytro"]
[Result "1/2-1/2"]
[WhiteElo "1556"]
[BlackElo "1692"]
[PlyCount "60"]
[EventDate "2016.??.??"]
[WhiteTeam "FV Berkersheim"]
[BlackTeam "SV Oberursel"]

1. d4 e6 2. c4 f5 3. Nc3 Nf6 4. Nf3 Be7 5. Bg5 d5 6. e3 O-O 7. Ne5 c6 8. Bd3
Bd6 9. f4 Qe8 10. O-O Ne4 11. Nxe4 fxe4 12. Be2 Nd7 13. Bh5 g6 14. Be2 Nxe5 15.
fxe5 Rxf1+ 16. Qxf1 Bf8 17. Qf4 Bd7 18. Rf1 Bg7 19. h4 Qf8 20. Qg4 Qb4 21. cxd5
cxd5 22. h5 Rf8 23. Bf6 Qd2 24. Bg5 h6 25. Rxf8+ Bxf8 26. Bxh6 Bxh6 27. Qxg6+
Bg7 28. Kf2 Bb5 29. Qxe6+ Kh7 30. Qf5+ Kg8 1/2-1/2

[Event "Sparkassen-Open B"]
[Site "Heusenstamm, Martinsee"]
[Date "2016.11.27"]
[Round "4.3"]
[White "Hambel, Christoph"]
[Black "Sikorra, Philipp"]
[Result "0-1"]
[WhiteElo "1671"]
[BlackElo "1790"]
[PlyCount "112"]
[EventDate "2016.??.??"]
[WhiteTeam "Bad Vilbeler Sfr"]
[BlackTeam "SC Ladja Roßdorf"]

1. c4 e5 2. Nc3 Nc6 3. g3 f5 4. Bg2 Nf6 5. d3 Bc5 6. e3 O-O 7. Nge2 d6 8. O-O
a6 9. a3 Qe8 10. b4 Ba7 11. b5 axb5 12. Nxb5 Bb6 13. Nec3 Na7 14. Rb1 Ba5 15.
Bb2 Qe7 16. a4 c6 17. Na3 Be6 18. d4 e4 19. d5 Bxc3 20. dxe6 Bxb2 21. Rxb2 d5
22. Qb3 Rfb8 23. Nc2 dxc4 24. Qxc4 b5 25. axb5 cxb5 26. Qe2 Nc6 27. Rxb5 Qxe6
28. Bh3 g6 29. Rfb1 Rxb5 30. Qxb5 Rb8 31. Qf1 Ra8 32. Rb6 Qd5 33. Rb5 Qd3 34.
Qb1 Rd8 35. Bf1 Qd2 36. Qb3+ Kg7 37. Qb2 Rb8 38. Rxb8 Nxb8 39. Qxb8 Qxc2 40.
Qe5 Qc6 41. Qe7+ Kh6 42. Qf8+ Kg5 43. h4+ Kh5 44. Be2+ Ng4 45. Qe7 h6 46. Qe5
Qc2 47. Qb5 Qc1+ 48. Kg2 Qe1 49. Bxg4+ Kxg4 50. Qe5 Qe2 51. Qf4+ Kh5 52. Qe5
Qf3+ 53. Kg1 Kg4 54. Qf4+ Qxf4 55. exf4 Kf3 56. Kf1 h5 0-1

[Event "Sparkassen-Open B"]
[Site "Heusenstamm, Martinsee"]
[Date "2016.11.27"]
[Round "4.4"]
[White "Meyer, Marcel"]
[Black "Burow, Roger"]
[Result "0-1"]
[WhiteElo "1709"]
[BlackElo "1610"]
[PlyCount "82"]
[EventDate "2016.??.??"]
[WhiteTeam "SC Herborn"]
[BlackTeam "SV Kelsterbach"]

1. d4 Nf6 2. c4 c5 3. d5 b5 4. cxb5 a6 5. f3 d6 6. e4 g6 7. Bd2 Bg7 8. Bc3 O-O
9. Nd2 Nbd7 10. Nh3 axb5 11. Bxb5 Ba6 12. Be2 Nb6 13. a4 Qc8 14. O-O Bxe2 15.
Qxe2 Nxa4 16. Nc4 Nxc3 17. bxc3 Qc7 18. Ra3 Rxa3 19. Nxa3 Ra8 20. Nb5 Qa5 21.
c4 Nd7 22. f4 Qa2 23. Re1 Qxe2 24. Rxe2 Ra4 25. Nf2 Rxc4 26. Nd3 Ra4 27. e5
dxe5 28. fxe5 c4 29. e6 fxe6 30. dxe6 Nf8 31. Ne5 Ra5 32. Nxc4 Rxb5 33. Nd6 Re5
34. Rxe5 Bxe5 35. Nc8 Bd4+ 36. Kf1 Bc5 37. Ke2 Nxe6 38. Kf3 Kf8 39. Ke4 Ke8 40.
Kd5 Kd7 41. h4 Bf2 0-1

[Event "Sparkassen-Open B"]
[Site "Heusenstamm, Martinsee"]
[Date "2016.11.27"]
[Round "4.5"]
[White "Rupp, Arnim"]
[Black "Bahr, Arne"]
[Result "1-0"]
[WhiteElo "1280"]
[BlackElo "1702"]
[PlyCount "87"]
[EventDate "2016.??.??"]
[WhiteTeam "SC Eschborn"]
[BlackTeam "SG Turm Kiel"]

1. d4 g6 2. e4 Nf6 3. e5 Nh5 4. Be2 d6 5. Bxh5 gxh5 6. Qxh5 dxe5 7. Qxe5 Rg8 8.
Qe4 f5 9. Qf3 Qxd4 10. Qh5+ Kd8 11. Qf3 Be6 12. Ne2 Qd5 13. Nf4 Qe5+ 14. Be3
Nc6 15. Nxe6+ Qxe6 16. O-O Bg7 17. Rd1+ Ke8 18. c3 Kf7 19. Bf4 Rad8 20. Nd2 Qg6
21. Bxc7 Rd7 22. Bf4 e5 23. Be3 Bf6 24. Nc4 Rxd1+ 25. Rxd1 f4 26. Bc5 e4 27.
Qh3 Ne5 28. Nxe5+ Bxe5 29. Rd7+ Ke8 30. Rxb7 Qc6 31. Qh5+ Kd8 32. Be7+ Kc8 33.
Rxa7 Rxg2+ 34. Kxg2 e3+ 35. Qf3 Qg6+ 36. Kf1 Qb1+ 37. Kg2 Qg6+ 38. Kh3 Qe6+ 39.
Kg2 Qg6+ 40. Bg5 Qxg5+ 41. Kf1 Qf5 42. Qb7+ Kd8 43. Qe7+ Kc8 44. Qe8# 1-0

[Event "Sparkassen-Open B"]
[Site "Heusenstamm, Martinsee"]
[Date "2016.11.27"]
[Round "4.6"]
[White "Peteani, Damien"]
[Black "Kirchner, Stefan"]
[Result "1-0"]
[WhiteElo "1679"]
[BlackElo "1509"]
[PlyCount "71"]
[EventDate "2016.??.??"]
[WhiteTeam "SV Groß-Gerau"]
[BlackTeam "SF Schöneck"]

1. e4 e6 2. d4 d5 3. e5 c5 4. c3 Nc6 5. Nf3 Bd7 6. a3 Qb6 7. b4 cxd4 8. cxd4 a6
9. Nc3 Nge7 10. Bb2 Nf5 11. Na4 Qc7 12. Nc5 Be7 13. Rc1 O-O 14. Bd3 Nh4 15.
Nxh4 Bxh4 16. Qh5 Bxf2+ 17. Kxf2 g6 18. Qh4 Bc8 19. Rhf1 b6 20. Nb3 Qd7 21. Kg1
Ne7 22. Rc2 Nf5 23. Bxf5 exf5 24. Bc1 Qe6 25. Bg5 f6 26. Bxf6 Ra7 27. Rfc1 Bd7
28. Nd2 h5 29. Nf3 Qf7 30. Ng5 Qe8 31. Rc3 Rb7 32. Rg3 Ra7 33. Nf3 Bc8 34. Qg5
Rxf6 35. Qxf6 Rg7 36. Nh4 1-0

[Event "Sparkassen-Open B"]
[Site "Heusenstamm, Martinsee"]
[Date "2016.11.27"]
[Round "4.7"]
[White "Krastev, Ivan"]
[Black "Gade, Bernt"]
[Result "1-0"]
[WhiteElo "1732"]
[BlackElo "1259"]
[PlyCount "89"]
[EventDate "2016.??.??"]
[WhiteTeam "Biebertaler SF"]
[BlackTeam "FV Berkersheim"]

1. e4 c5 2. Nc3 Nc6 3. Bb5 Nd4 4. a4 a6 5. Bc4 g6 6. f4 d6 7. h3 Bg7 8. Nf3 e6
9. O-O Ne7 10. Ne2 Nec6 11. c3 Nxf3+ 12. Rxf3 O-O 13. d3 Rb8 14. g4 b5 15. axb5
axb5 16. Bb3 b4 17. d4 bxc3 18. bxc3 cxd4 19. cxd4 Qb6 20. Bb2 Ba6 21. Ra3 Na5
22. Kf1 Rfc8 23. Ba1 Qb5 24. e5 dxe5 25. fxe5 Bh6 26. Kf2 Rc7 27. h4 g5 28. h5
Bg7 29. Bc2 Rbc8 30. Bd3 Qb6 31. Bxa6 Qxa6 32. Bc3 Rxc3 33. Rfxc3 Rxc3 34. Rxc3
Nc4 35. Qd3 Qb6 36. Qxc4 Bxe5 37. Kf3 Bh2 38. Nc1 Qd6 39. Qc8+ Kg7 40. Ke2 Bg1
41. Qc5 Qh2+ 42. Kd1 Qf2 43. Qe5+ Kh6 44. Ne2 Bh2 45. Ng3 1-0

[Event "Sparkassen-Open B"]
[Site "Heusenstamm, Martinsee"]
[Date "2016.11.27"]
[Round "4.8"]
[White "Kremenetskiy, Igor"]
[Black "Bayer, Martin"]
[Result "0-1"]
[WhiteElo "1633"]
[BlackElo "1765"]
[PlyCount "62"]
[EventDate "2016.??.??"]
[WhiteTeam "SF Heusenstamm"]
[BlackTeam "SK Gründau"]

1. e4 e5 2. Nf3 Nc6 3. Nc3 Nf6 4. d3 Bc5 5. h3 d6 6. a3 Be6 7. Ng5 Bd7 8. Na4
Bb6 9. Nxb6 axb6 10. Nf3 O-O 11. Bg5 h6 12. Bh4 Qe7 13. Be2 Nd8 14. Nh2 Ne6 15.
Ng4 Nf4 16. Bxf6 gxf6 17. Bf3 Kg7 18. g3 Ne6 19. c3 c6 20. Qd2 Ng5 21. Be2 f5
22. h4 fxg4 23. hxg5 Qxg5 24. Qxg5+ hxg5 25. O-O-O Rh8 26. Kd2 Rh3 27. Rhg1 Rf8
28. Ke3 d5 29. f3 Rh2 30. Rd2 f5 31. Bd1 f4+ 0-1

[Event "Sparkassen-Open B"]
[Site "Heusenstamm, Martinsee"]
[Date "2016.11.27"]
[Round "4.9"]
[White "Hofmann, Werner"]
[Black "Schneider, Udo"]
[Result "1/2-1/2"]
[WhiteElo "1626"]
[BlackElo "1762"]
[PlyCount "38"]
[EventDate "2016.??.??"]
[WhiteTeam "SV Kelsterbach"]
[BlackTeam "SK Marburg"]

1. d4 Nf6 2. c4 e5 3. dxe5 Ng4 4. Nf3 Nc6 5. e6 Bb4+ 6. Bd2 dxe6 7. e3 Bxd2+ 8.
Nbxd2 Nge5 9. Qb3 O-O 10. Be2 b6 11. Rd1 Bb7 12. O-O Qe7 13. Qc3 f6 14. Nb3
Rfd8 15. c5 Rxd1 16. Rxd1 Rd8 17. Rxd8+ Qxd8 18. Nxe5 Nxe5 19. cxb6 axb6
1/2-1/2

[Event "Sparkassen-Open B"]
[Site "Heusenstamm, Martinsee"]
[Date "2016.11.27"]
[Round "4.10"]
[White "Hagner, Bennet"]
[Black "Schlömer, Andreas"]
[Result "1-0"]
[WhiteElo "1543"]
[BlackElo "1756"]
[PlyCount "57"]
[EventDate "2016.??.??"]
[WhiteTeam "Frankfurter TV"]
[BlackTeam "SK Upland Willingen"]

1. e4 c5 2. Nf3 d6 3. d4 cxd4 4. Nxd4 Nf6 5. Nc3 a6 6. Be2 e6 7. O-O Be7 8. Kh1
O-O 9. f4 Nbd7 10. Be3 Qc7 11. Nf3 b5 12. a3 Bb7 13. Bd3 Nc5 14. e5 dxe5 15.
fxe5 Bxf3 16. Rxf3 Qxe5 17. Bd4 Qh5 18. Be2 Qg5 19. Be3 Qg6 20. Rg3 Qf5 21. Rg5
Qxg5 22. Bxg5 Nce4 23. Nxe4 Nxe4 24. Be3 Bg5 25. Qd4 Bxe3 26. Qxe3 Nf6 27. h3
Rfd8 28. Bf3 Ra7 29. Qxa7 1-0

[Event "Sparkassen-Open B"]
[Site "Heusenstamm, Martinsee"]
[Date "2016.11.27"]
[Round "4.11"]
[White "Goodwin, David"]
[Black "Hübner, Kai"]
[Result "1-0"]
[WhiteElo "1529"]
[BlackElo "1734"]
[PlyCount "213"]
[EventDate "2016.??.??"]
[WhiteTeam "SV Kelsterbach"]
[BlackTeam "SC Flörsheim"]

1. Nf3 f5 2. d3 Nf6 3. g3 g6 4. Nbd2 d5 5. c4 c6 6. Qa4 Bg7 7. Bg2 O-O 8. cxd5
cxd5 9. Ne5 e6 10. Ndf3 Nfd7 11. d4 Nc6 12. Bg5 Qb6 13. Nxc6 bxc6 14. O-O Ba6
15. Rfe1 Bb5 16. Qb4 c5 17. dxc5 Qxc5 18. Be7 Qxb4 19. Bxb4 Rf7 20. Ng5 a5 21.
Bc3 Bxc3 22. bxc3 Re7 23. Nxe6 Rxe6 24. Bxd5 Rae8 25. c4 Ba6 26. e4 fxe4 27.
Rxe4 Nc5 28. Rxe6 Nxe6 29. Re1 Bc8 30. Rb1 Kf8 31. Rb8 Nc5 32. Rb5 Bh3 33. Rb1
Nd3 34. f4 Re1+ 35. Rxe1 Nxe1 36. c5 Nd3 37. c6 Nb4 38. Be4 Ke7 39. a3 Na6 40.
Bd3 Nc7 41. Kf2 Be6 42. Be4 Bd5 43. Ke3 Ke6 44. g4 Bxe4 45. Kxe4 Ne8 46. Kd4
Kd6 47. h4 Nf6 48. g5 Nd5 49. Ke4 Ne7 50. c7 Kxc7 51. Ke5 Kd7 52. a4 Ke8 53.
Ke6 Kf8 54. Kd6 Nf5+ 55. Kc5 Nxh4 56. Kb5 Ng2 57. Kxa5 Nxf4 58. Kb6 Ne6 59. a5
Nf4 60. Kc6 Nd3 61. Kb5 Nf4 62. a6 Ne6 63. Kb6 Nxg5 64. a7 h5 65. a8=Q+ Kg7 66.
Qa1+ Kh6 67. Qc1 h4 68. Qd1 Nh7 69. Qg4 g5 70. Qf5 Kg7 71. Kc5 Kh6 72. Kd4 h3
73. Qxh3+ Kg6 74. Ke3 Nf8 75. Kf2 Kf6 76. Qc3+ Kf7 77. Qf3+ Kg8 78. Qd5+ Kg7
79. Qxg5+ Ng6 80. Qa5 Kf6 81. Kg3 Ne5 82. Qb5 Ke6 83. Qb3+ Kf5 84. Qd5 Kf6 85.
Qd8+ Kf5 86. Qd6 Ke4 87. Qb4+ Kd5 88. Qb3+ Ke4 89. Qd1 Kf5 90. Qe2 Kf6 91. Qe4
Ng6 92. Kg4 Ne7 93. Qf4+ Ke6 94. Kg5 Kd7 95. Qe5 Nc6 96. Qd5+ Kc7 97. Kf6 Kb6
98. Ke6 Nb4 99. Qc4 Ka5 100. Kd6 Na6 101. Qa2+ Kb5 102. Qd5+ Ka4 103. Qc6+ Ka5
104. Qa8 Kb5 105. Qb7+ Ka5 106. Kd5 Nb4+ 107. Kc4 1-0

[Event "Sparkassen-Open B"]
[Site "Heusenstamm, Martinsee"]
[Date "2016.11.27"]
[Round "4.12"]
[White "Gruber, Marcel"]
[Black "Lietzau, Olaf"]
[Result "0-1"]
[WhiteElo "1431"]
[BlackElo "1728"]
[PlyCount "99"]
[EventDate "2016.??.??"]
[WhiteTeam "Vorw.Orient Mainz"]
[BlackTeam "SC Obertshausen"]

1. e4 g6 2. d3 Bg7 3. g3 d6 4. Bg2 e5 5. Nf3 Ne7 6. O-O O-O 7. Bg5 h6 8. Bd2 c6
9. Nc3 Be6 10. Qc1 Kh7 11. Be3 d5 12. Ne2 d4 13. Bd2 Na6 14. Rd1 c5 15. a3 Rc8
16. Qb1 c4 17. Be1 Nc5 18. Bb4 cxd3 19. cxd3 Nb3 20. Ra2 a5 21. Be1 Rc6 22. a4
Qc8 23. Ra3 Qc7 24. Nd2 Nxd2 25. Bxd2 Rc8 26. Rc1 Rxc1+ 27. Qxc1 Qb6 28. Qb1
Nc6 29. Ra1 Nb4 30. Bxb4 Qxb4 31. Qd1 Bb3 32. Qe1 Qxe1+ 33. Rxe1 Bxa4 34. Ra1
Bc2 35. Rc1 Rc6 36. Bf1 Bf8 37. f4 f6 38. Kf2 Bb4 39. Ng1 Bd2 40. Ra1 Bb3 41.
Nf3 Be3+ 42. Kg2 a4 43. fxe5 Rc2+ 44. Kh3 Be6+ 45. g4 h5 46. exf6 hxg4+ 47. Kg3
gxf3 48. Kxf3 Rf2+ 49. Kg3 Rxf6 50. Rxa4 0-1

[Event "Sparkassen-Open B"]
[Site "Heusenstamm, Martinsee"]
[Date "2016.11.27"]
[Round "4.13"]
[White "Held, Maurice"]
[Black "Renger, Jürgen"]
[Result "0-1"]
[WhiteElo "1707"]
[BlackElo "1628"]
[PlyCount "70"]
[EventDate "2016.??.??"]
[WhiteTeam "SC Ladja Roßdorf"]
[BlackTeam "Sges Bensheim"]

1. c4 Nf6 2. g3 g6 3. Bg2 Bg7 4. Nc3 d6 5. e4 e5 6. Nge2 Nc6 7. d3 O-O 8. Rb1
Bd7 9. b4 Ne7 10. a4 Ng4 11. h3 Nh6 12. O-O f5 13. Qb3 Kh8 14. b5 Qc8 15. Kh2
Rb8 16. Bg5 Nhg8 17. a5 Bh6 18. Be3 b6 19. axb6 axb6 20. Ra1 g5 21. exf5 Bxf5
22. Ne4 Qe8 23. g4 Bxe4 24. Bxe4 Ng6 25. Ra7 Qe7 26. Ng3 Nh4 27. Nf5 Nxf5 28.
Bxf5 Rxf5 29. gxf5 Qf7 30. Rg1 Qxf5 31. Rxc7 Nf6 32. Rg2 Rg8 33. c5 dxc5 34.
Qc4 e4 35. dxe4 Qe5+ 0-1